Tras los pasos del señor Kurtz : (Record no. 110533)

MARC details
000 -LEADER
campo de control de longitud fija 01074cam a2200313Mi 4500
001 - NÚMERO DE CONTROL
campo de control 51183
005 - FECHA Y HORA DE LA ÚLTIMA TRANSACCIÓN
campo de control 20230411090005.0
008 - DATOS DE LONGITUD FIJA--INFORMACIÓN GENERAL
campo de control de longitud fija 050503s2005 sp 000 0 spa d
035 ## - NÚMERO DE CONTROL DEL SISTEMA
Número de control de sistema (OCoLC)ocm60317392
040 ## - FUENTE DE CATALOGACIÓN
Centro catalogador/agencia de origen PL#
Lengua de catalogación spa
Centro/agencia transcriptor PL#
020 ## - NÚMERO INTERNACIONAL ESTÁNDAR DEL LIBRO
Número Internacional Estándar del Libro 848452342X
020 ## - NÚMERO INTERNACIONAL ESTÁNDAR DEL LIBRO
Número Internacional Estándar del Libro 9788484523420
029 0# - OTRO NÚMERO DE CONTROL DE SISTEMA (OCLC)
Identificador de la biblioteca OCLC PL#
Número de control de sistema 848452342X
035 ## - NÚMERO DE CONTROL DEL SISTEMA
Número de control de sistema (OCoLC)60317392
049 ## - FONDOS LOCALES (OCLC)
Biblioteca depositaria GRAL
100 1# - ENTRADA PRINCIPAL--NOMBRE DE PERSONA
Nombre de persona Wrong, Michela,
Fechas asociadas al nombre 1961-
245 10 - MENCIÓN DEL TÍTULO
Título Tras los pasos del señor Kurtz :
Resto del título el Congo al borde del colapso /
Mención de responsabilidad, etc. Michela Wrong.
260 ## - PUBLICACIÓN, DISTRIBUCIÓN, ETC.
Lugar de publicación, distribución, etc. Barcelona :
Nombre del editor, distribuidor, etc. Intermón,
Fecha de publicación, distribución, etc. 2005.
300 ## - DESCRIPCIÓN FÍSICA
Extensión 272 p. ;
Dimensiones 22 cm.
440 #0 - MENCIÓN DE SERIE/PUNTO DE ACCESO ADICIONAL--TÍTULO
Título Colección Libros de encuentro ;
Designación de volumen o secuencia 16
500 ## - NOTA GENERAL
Nota general Referencias bibliográficas . -- Título original: In the footsteps of Mr. Kurtz.
653 ## - TÉRMINO DE INDIZACIÓN--NO CONTROLADO
Término no controlado Mobutu Sese Seko, 1930- .
653 ## - TÉRMINO DE INDIZACIÓN--NO CONTROLADO
Término no controlado Congo (República Democrática)
-- Política y gobierno
-- 1960-1997.
653 ## - TÉRMINO DE INDIZACIÓN--NO CONTROLADO
Término no controlado Congo (República Democrática)
-- Política y gobierno
-- 1997- .
938 ## -
-- Puvill Libros
-- PUVL
-- 848452342X
-- $28.05
942 ## - ELEMENTOS DE ENTRADA SECUNDARIOS (KOHA)
Fuente del sistema de clasificación o colocación Clasificación de Library of Congress
Tipo de ítem Koha
994 ## -
-- C0
-- DRFGD
946 ## - PROCESAMIENTO DE INFORMACIÓN LOCAL (OCLC)
a Lspaulino
Holdings
Estatus retirado Estado de pérdida Fuente del sistema de clasificación o colocación Estado de daño No para préstamo Colección Biblioteca de origen Biblioteca actual Ubicación en estantería Fecha de adquisición Código de barras Visto por última vez Copia número Tipo de ítem Koha
    Clasificación de Library of Congress     Automatización y Procesos Técnicos Biblioteca Juan Bosch Biblioteca Juan Bosch Automatización y Procesos Técnicos (1er. Piso) 11/04/2023 00000053423 17/02/2019 1